| 000 | 01923cam a22005414i 4500 | ||
|---|---|---|---|
| 003 | PE-LiUPU | ||
| 005 | 20250731165636.0 | ||
| 008 | 150616s r 000 0 d | ||
| 020 | _a1850754667 | ||
| 035 | _a(Sirsi) i9781850754664 | ||
| 040 |
_aPE-LiUPU _bspa _cPE-LiUPU _erda |
||
| 049 | _aPRUA | ||
| 082 | 0 | 4 |
_a221.07 _bJ _221 |
| 100 | 1 |
_aGraham, M.Patricck, _eautor. |
|
| 245 | 1 | 0 |
_aHistory and Interpretation : _bEssays in Honour of John H.Hayes. _n175 / _cM. Patricck Graham. |
| 264 | 1 |
_aSheffield : _bSheffield Academic Press, Ltd., _c1993. |
|
| 300 |
_a267 páginas ; _c21 centímetros |
||
| 336 |
_atext _2rdacontent |
||
| 337 |
_aunmediated _2rdamedia |
||
| 338 |
_avolume _2rdacarrier |
||
| 490 | 0 |
_aJournal for the Study of the O.Testament Suplem. Series ; _v173 |
|
| 505 | 0 | _aPentateucch -- Historical books -- Prophets -- History fo Israel. | |
| 526 | _aSEG44 | ||
| 526 | _aSEG26 | ||
| 526 | _aP151 | ||
| 526 | _aP150 | ||
| 526 | _aP149 | ||
| 526 | _aP146 | ||
| 526 | _aP145 | ||
| 526 | _aP126 | ||
| 526 | _aP125 | ||
| 526 | _aP92 | ||
| 526 | _aP75 | ||
| 526 | _aP74 | ||
| 526 | _aP27 | ||
| 526 | _aP15 | ||
| 630 |
_aBiblia. _pA.T. _PG énesis _xCrítica, interpretación, etc. |
||
| 650 | 0 | 4 | _a |
| 700 | 1 | _aBrown, William P | |
| 700 | 1 | _aKuan, Jeffrey K. | |
| 910 |
_ajck _bjvq _cjck |
||
| 942 |
_2ddc _cBOOK |
||
| 949 |
_aRC 221.07 J 175 _wDEWEY _c1 _i40068 _lCCODEBUL1 _mBUL _r0 _sY _tBOOK _u2015-6-16 _xTEOLOGIA _zUNKNOWN _0COMPRA _o.CIRCNOTE. No olvidar cambiar la fecha de devolución!!!!!!! _o.STAFF. Colección General |
||
| 994 |
_aC0 _bPEPRU |
||
| 596 | _a1 | ||
| 999 |
_aRC 221.07 J 175 _wDEWEY _c57851 _i40068 _f2021-11-8 _g6 _lCCODEBUL1 _mBUL _r1 _sY _tBOOK _u2015-6-16 _xTEOLOGIA _zUNKNOWN _0COMPRA _o.CIRCNOTE. No olvidar cambiar la fecha de devolución!!!!!!! _o.STAFF. Colección General _d57851 |
||
| 980 |
_81 _gALBERTO SANCHEZ Responsable de Automatización |
||